000 00833nam a2200253Ia 4500
003 OSt
005 20221005113405.0
006 a|||||r|||| 00| 0
007 ta
008 221004b |||||||| |||| 00| 0 pan d
020 _a9789351121183 (hbk)
_c350
024 _a26526
037 _b977, 16/12/2015, H.K. Prakashan
_cTextual
040 _aCRL
_cCRL
_bpan
041 _2pan
_apan
082 _aO153:g, Q5
100 _aਸਿੰਘ, ਸੁਰਜੀਤ
245 0 _aਅਧਿਐਨ ਪਾਸਾਰ
260 _aਲੁਧਿਆਣਾ
_bਚੇਤਨਾ ਪ੍ਰਕਾFਨ ਭਾਰਤ
_c2012
300 _a252ਪੰ
_ccm.
650 _aਪੰਜਾਬੀ ਸਾਹਿਤ
942 _hO153:g, Q5
_cTEXL
_2cc
999 _c1028025
_d1028025